Ekonomika i programowanie rozwoju przemyslu

Salvato in:
Dettagli Bibliografici
Natura: Libro
Lingua:polacco
Pubblicazione: Warszawa Wyd. Ekon. 1982
Tags: Aggiungi Tag
Nessun Tag, puoi essere il primo ad aggiungerne!!

MARC

LEADER 00000nam a2200000 4500
001 c133721
005 20240227102708.9
041 0 |a pol 
044 |a PL 
245 1 0 |a Ekonomika i programowanie rozwoju przemyslu  |c Red. J. Gajda 
264 1 |a Warszawa  |b Wyd. Ekon.  |c 1982 
300 |a 349 s.